| 000 | 00585nam a2200181 i 4500 | ||
|---|---|---|---|
| 001 | 80618 | ||
| 003 | ES-MaACL | ||
| 005 | 20260318063015.0 | ||
| 007 | t| | ||
| 008 | 041028s1974 sp ||||1| spa d | ||
| 100 | 1 |
_aHoffmann, Ernst T. A. _d1776-1822 _9242917 |
|
| 245 | 1 | 4 |
_aLos elixires del diablo / _cE.T.A. Hoffmann ; [prólogo, traducción y notas, Carmen Bravo-Villasante]. |
| 260 |
_a[Madrid : _bCVS, _c1974] |
||
| 300 |
_a302 p. ; _c20 cm. |
||
| 700 | 1 |
_aBravo-Villasante, Carmen, _d1918-1994 _931507 |
|
| 852 |
_aES-MaACL _jA-5733 _bR.94517 |
||
| 999 |
_c80618 _d80618 |
||